000 00296nam a22001337a 4500
008 170706b xxu||||| |||| 00| 0 eng d
020 _a9780761928287
041 _aeng
080 _a82
100 _a22
101 _aGJL
245 _aGIRLS WPMEN AND CRIME
_cLIND.M.CH
942 _2udc
_cBK
999 _c19977
_d19977